REDACCION DE TESIS Y TRABAJOS ESCOLARES

Kaydedildi:
Detaylı Bibliyografya
Müşterek Yazar: Anderson, Jonathan
Materyal Türü: Kitap
Etiketler: Etiketle
Etiket eklenmemiş, İlk siz ekleyin!

MARC

LEADER 00000nam^a2200000^a^4500
001 000213999
005 20250521000000.0
009 20260310103544.332
035 |a 036815 
037 |a Acervo Xavier Clavigero 
082 |a 375. 5  |b AND 
110 |a Anderson, Jonathan 
245 1 0 |a REDACCION DE TESIS Y TRABAJOS ESCOLARES 
264 |a MEXICO :  |b DIANA,  |c 1973 
300 |a 174p. :  |b tbs. 
336 |a texto  |b txt  |2 rdacontenido 
337 |a sin mediación  |b n  |2 rdamedio 
338 |a volumen  |b nc  |2 rdasoporte 
649 |a XX 
910 |a Fondo General 
920 |a Impresos - Libros 
930 |a Colección General 
905 |a 101 
901 |a 036815  |b IT1  |c ACC  |i 036815  |u 20250521 
902 |a https://opac.biblio.iteso.mx/vufind/Record/000213999